000 00670nam a2200229 u 4500
001 63894
005 20180714070520.0
008 160204s2011 ag r 000 0 spa d
020 _a9789876291576
041 _aspa
082 0 _a305.8
_bGUB
100 1 _aGúber, Rosana,
_eautor
245 1 3 _aLa etnografía :
_bmétodo, campo y reflexividad /
_cRosana Guber.
250 _aPrimera edición
264 1 _aArgenina :
_bSiglo Veintiuno Editores,
_c2011
300 _a160 páginas ;
_c20 cm.
336 _atexto
_2rdacontent
337 _asin mediación
_2rdamedia
338 _avolumen
_2rdacarrier
490 0 _aMínima
650 4 _aEtnografía
999 _c63894
_d63894